Interacción entre comunicación social e integración
Guardado en:
| Autor principal: | |
|---|---|
| Formato: | Texto |
| Lenguaje: | Spanish |
| Publicado: |
San José :
|
| Etiquetas: |
Agregar Etiqueta
Sin Etiquetas, Sea el primero en etiquetar este registro!
|
MARC
| LEADER | 00000 a a2200000 04500 | ||
|---|---|---|---|
| 001 | 16677 | ||
| 003 | cru CIDCACS/IIS | ||
| 005 | 20231205083217.0 | ||
| 008 | 231205b |||||||| |||| 00| 0 spa d | ||
| 040 | |c cru CIDCACS/IIS | ||
| 090 | |a 01.02.01 C117i | ||
| 100 | |a Cabrera, Alejandro | ||
| 245 | |a Interacción entre comunicación social e integración | ||
| 260 | |a San José : | ||
| 300 | |a 10 p. | ||
| 942 | |2 z |c LI |h 01.02.01 C117i |i 09083 |6 010201_C117I_09083 | ||
| 999 | |c 15277 |d 15277 | ||
